书目信息 |
| 题名: |
吴越春秋选译
|
|
| 作者: | 赵晔 撰 ;刘玉才 译注 | |
| 分册: | 下卷 | |
| 出版信息: | 成都 巴蜀书社 1991 |
|
| 页数: | 313-575页 | |
| 开本: | 19cm | |
| 丛书名: | 古代文史名著选译丛书 | |
| 单 册: | ||
| 中图分类: | K225.04 , I242.4 | |
| 科图分类: | ||
| 主题词: | 史料--中国--吴国(?-前473) , 小说--中国 | |
| 电子资源: | ||
| ISBN: | 7-80523-358-6 | |
| 000 | 00872nam2 2200289 450 | |
| 001 | 1553131838 | |
| 005 | 20150119144640.34 | |
| 010 | @a7-80523-358-6@dCNY0.71 | |
| 100 | @a20021005d1991 em y0chiy0110 ea | |
| 101 | 0 | @achi |
| 102 | @aCN@b510000 | |
| 105 | @af z 000yy | |
| 200 | 1 | @a吴越春秋选译@9wu yue chun qiu xuan yi@h下卷@f(汉)赵 晔撰@g刘玉才译注 |
| 210 | @a成都@c巴蜀书社@d1991 | |
| 215 | @a313-575页@c插图@d19cm | |
| 225 | 2 | @a古代文史名著选译丛书@i先秦两汉@f章培恒等主编 |
| 300 | @a国家教委古籍整理“七·五”规划重点项目 | |
| 461 | 0 | @12001 @a古代文史名著选译丛书 |
| 605 | @a《吴越春秋》@x译文 | |
| 606 | 0 | @a史料@y中国@z吴国(?-前473) |
| 606 | 0 | @a小说@x中国 |
| 690 | @aK225.04@v5 | |
| 690 | @aI242.4@v4 | |
| 701 | 0 | @a赵晔@9zhao ye@4撰 |
| 702 | 0 | @a刘玉才@9liu yu cai@4译注 |
| 801 | 0 | @aCN@bTSSF@c20150115 |
| 905 | @aZUCC@dI242.4@eJY31:2 | |
| 吴越春秋选译.下卷/(汉)赵 晔撰/刘玉才译注.-成都:巴蜀书社,1991 |
| 313-575页:插图;19cm.-(古代文史名著选译丛书.先秦两汉/章培恒等主编) |
| 国家教委古籍整理“七·五”规划重点项目 |
| ISBN 7-80523-358-6:CNY0.71 |
| ● |
| 相关链接 |
|
|
|
|
正题名:吴越春秋选译
索取号:I242.4/JY31:2
 
预约/预借
| 序号 | 登录号 | 条形码 | 馆藏地/架位号 | 状态 | 备注 |
| 1 | 7835262 | 278352621 | 学院路分馆/ [索取号:I242.4/JY31:2] | 在馆 | |
| 2 | 7835263 | 278352630 | 学院路分馆/ [索取号:I242.4/JY31:2] | 在馆 | |
| 3 | 7835264 | 278352649 | 学院路分馆/ [索取号:I242.4/JY31:2] | 在馆 | |
| 4 | 7835265 | 278352658 | 学院路分馆/ [索取号:I242.4/JY31:2] | 在馆 | |
| 5 | 7835266 | 278352667 | 学院路分馆/ [索取号:I242.4/JY31:2] | 在馆 |